ՀՀ Գիտությունների ազգային ակադեմիայի հիմնարար գիտական գրադարան  =   Fundamental Scientific Library of NAS RA

Զանգեզուրի գոյամարտի հերոս Խաչատուր Մալինցյան / (Record no. 343274)

MARC details
000 -LEADER
fixed length control field 01023nam a2200241 a 4500
001 - CONTROL NUMBER
control field 001054079
003 - CONTROL NUMBER IDENTIFIER
control field AM-YeHGA
005 - DATE AND TIME OF LATEST TRANSACTION
control field 20250617151030.0
008 - FIXED-LENGTH DATA ELEMENTS--GENERAL INFORMATION
fixed length control field 150116s2014 ai r 000 0 arm d
020 ## - INTERNATIONAL STANDARD BOOK NUMBER
International Standard Book Number 9789939683447
040 ## - CATALOGING SOURCE
Original cataloging agency AM-YeHGA
041 0# - LANGUAGE CODE
Language code of text/sound track or separate title arm
090 ## - LOCALLY ASSIGNED LC-TYPE CALL NUMBER (OCLC); LOCAL CALL NUMBER (RLIN)
-- 345070
245 00 - TITLE STATEMENT
Title Զանգեզուրի գոյամարտի հերոս Խաչատուր Մալինցյան /
Statement of responsibility, etc. Կազմ.՝ Ա. Սիմոնյան ; Խմբ.` Ա.Ա. Հարությունյան.
260 ## - PUBLICATION, DISTRIBUTION, ETC.
Place of publication, distribution, etc. Երևան :
Name of publisher, distributor, etc. Զանգակ,
Date of publication, distribution, etc. 2014.
300 ## - PHYSICAL DESCRIPTION
Extent 118 էջ :
Other physical details 4 ներդ. թ. դիմանկ., լուսանկ., նկ., ;
Dimensions 20 սմ.
440 #0 - SERIES STATEMENT/ADDED ENTRY--TITLE
Title Սյունիք-Վայոց ձորի հոգևոր և պատմամշակութային ժառանգություն
Volume/sequential designation Գիրք 2
600 10 - SUBJECT ADDED ENTRY--PERSONAL NAME
Personal name Մալինցյան, Խաչատուր
650 14 - SUBJECT ADDED ENTRY--TOPICAL TERM
Topical term or geographic name entry element Հայոց պատմություն
650 14 - SUBJECT ADDED ENTRY--TOPICAL TERM
Topical term or geographic name entry element Հայ հերոսներ
700 1# - ADDED ENTRY--PERSONAL NAME
Personal name Սիմոնյան, Աշոտ
Relator term կազմ.
Relationship com
700 1# - ADDED ENTRY--PERSONAL NAME
Personal name Հարությունյան, Ավագ Ա.
Relator term խմբ.
Relationship edt
Holdings
Withdrawn status Lost status Damaged status Not for loan Collection Home library Current library Date acquired Cost, normal purchase price Shelving control number Total checkouts Full call number Barcode Date last seen Price effective from Koha item type Public note
        General Fundamental Scientific Library Fundamental Scientific Library 09/01/2017 1500.00     AII/100270 FL0321724 09/01/2017 09/01/2017 Գրքեր / Books 30 Days Loan
        General Fundamental Scientific Library Fundamental Scientific Library 09/01/2017 1500.00     AII/101343 FL0389678 09/01/2017 09/01/2017 Գրքեր / Books 30 Days Loan
        General Fundamental Scientific Library Fundamental Scientific Library 09/01/2017 1500.00     AII/101344 FL0392004 09/01/2017 09/01/2017 Գրքեր / Books 30 Days Loan


ՀՀ ԳԱԱ հիմնարար գիտական գրադարան
ՀՀ,Երևան 0019
Մարշալ Բաղրամյան 24/6
հեռախոս:(374-10) 52-47-50
Հետադարձ կապ

All site content, except where otherwise noted, is licensed under a
Creative Commons License